Томскому Политехническому институту в память посещения НИИ ядерной физики, электроники и автоматики Томского Политехнического института Председателем Совета Министров РСФСР тов. Г. И. Вороновым 19 февраля 1967 года: фотоальбом

Dades bibliogràfiques
Autor corporatiu: Томский политехнический институт Научно-исследовательский институт ядерной физики, электроники и автоматики
Idioma:rus
Publicat: Томск, [Б. и.], [Б. г.]
Matèries:
Format: MixedMaterials Llibre
KOHA link:https://koha.lib.tpu.ru/cgi-bin/koha/opac-detail.pl?biblionumber=352394

MARC

LEADER 00000nam0a2200000 4500
001 352394
005 20231102010508.0
035 |a (RuTPU)RU\TPU\retro\8921 
090 |a 352394 
100 |a 20191223d m y0rusy50 ca 
101 0 |a rus 
102 |a RU 
105 |a a z 000zy 
200 1 |a Томскому Политехническому институту в память посещения НИИ ядерной физики, электроники и автоматики Томского Политехнического института Председателем Совета Министров РСФСР тов. Г. И. Вороновым 19 февраля 1967 года  |e фотоальбом 
210 |a Томск  |c [Б. и.]  |d [Б. г.] 
215 |a 20 с.  |c ил. 
600 1 |a Чучалин  |b И. П.  |c физик  |c ректор Томского института автоматизированных систем управления и радиоэлектроники (ТИАСУР), 1972-1981  |f 1925-  |g Иван Петрович  |c ректор Томского политехнического института (ТПИ), 1981-1990  |c выпускник ФТФ ТПИ 1951 г.  |x TPU  |y Томск  |2 stltpush  |3 (RuTPU)RU\TPU\pers\11823 
606 1 |a Томский политехнический университет  |2 stltpush  |3 (RuTPU)RU\TPU\subj\67475  |9 83260 
610 1 |a циклотроны 
610 1 |a синхротроны 
610 1 |a синхротронная лаборатория 
610 1 |a ускоряемые пучки 
610 1 |a бетатроны 
610 1 |a коллекция ТПУ 
686 |a Ч484(2)72ТПУ  |v LBC/SL-A  |2 rubbk 
712 0 2 |a Томский политехнический институт  |b Научно-исследовательский институт ядерной физики, электроники и автоматики  |c (1958-1975)  |2 stltpush  |3 (RuTPU)RU\TPU\col\12423  |9 25385 
801 1 |a RU  |b 63413507  |c 20191223 
801 2 |a RU  |b 63413507  |c 20191223  |g RCR 
942 |c BK